The UK pocket tax book 2007-08 (Record no. 107375)
[ view plain ]
| 000 -LEADER | |
|---|---|
| fixed length control field | 01392cad a22002295a 4500 |
| 001 - CONTROL NUMBER | |
| control field | L139930 |
| 008 - FIXED-LENGTH DATA ELEMENTS--GENERAL INFORMATION | |
| fixed length control field | 070821s2007 xxk f 000 0 eng d |
| 035 ## - SYSTEM CONTROL NUMBER | |
| System control number | (Sirsi) u139930 |
| 041 0# - LANGUAGE CODE | |
| Language code of text/sound track or separate title | eng |
| 050 04 - LIBRARY OF CONGRESS CALL NUMBER | |
| Classification number | 336.2 $2 18 |
| 110 2# - MAIN ENTRY--CORPORATE NAME | |
| Corporate name or jurisdiction name as entry element | PriceWaterhouseCoopers |
| 9 (RLIN) | 3793 |
| 245 04 - TITLE STATEMENT | |
| Title | The UK pocket tax book 2007-08 |
| Medium | [electronic resource] |
| 260 ## - PUBLICATION, DISTRIBUTION, ETC. | |
| Place of publication, distribution, etc. | London |
| Name of publisher, distributor, etc. | PricewaterhouseCoopers |
| Date of publication, distribution, etc. | 2007 |
| 505 2# - FORMATTED CONTENTS NOTE | |
| Formatted contents note | Income tax -- Approved and tax favoured employee share plans -- Tax efficient investments -- National insurance contributions -- Tax credits and benefits -- Corporation tax -- Capital allowances -- Capital gains tax -- Inheritance tax -- Stamp duty/stamp duty reserve tax -- Stamp duty land tax -- Value added tax -- Customs duty -- Other indirect taxes -- National non-domestic rates -- Filing and payment |
| 520 ## - SUMMARY, ETC. | |
| Summary, etc. | Provides a summary of personal and corporate UK taxation rates and includes related information based on taxation law, legislative proposals and current practice up to and including measures in the Finance Bill 2007. Information applies throughout the tax years 2006-07 and 2007-08. |
| 590 ## - LOCAL NOTE (RLIN) | |
| Local note | KA |
| 650 24 - SUBJECT ADDED ENTRY--TOPICAL TERM | |
| Topical term or geographic name entry element | FINANCE BILL 2007 |
| 651 #4 - SUBJECT ADDED ENTRY--GEOGRAPHIC NAME | |
| Geographic name | United Kingdom |
| Chronological subdivision | |
| 690 ## - LOCAL SUBJECT ADDED ENTRY--TOPICAL TERM (OCLC, RLIN) | |
| Topical term or geographic name as entry element | PROPERTY-PROPERTY TAXATION |
| 856 40 - ELECTRONIC LOCATION AND ACCESS | |
| Uniform Resource Identifier | <a href="https://pwcinform.pwc.com/inform2/show?action=informContent&id=1158071802155160">https://pwcinform.pwc.com/inform2/show?action=informContent&id=1158071802155160</a> |
| Public note | View the tax book free of charge at www.pwc.com |
| 942 ## - ADDED ENTRY ELEMENTS (KOHA) | |
| Suppress in OPAC | 0 |
| Withdrawn status | Lost status | Source of classification or shelving scheme | Damaged status | Not for loan | Home library | Current library | Shelving location | Date acquired | Total Checkouts | Full call number | Barcode | Date last seen | Copy number | Price effective from | Koha item type |
|---|---|---|---|---|---|---|---|---|---|---|---|---|---|---|---|
| Dewey Decimal Classification | Virtual | Virtual | Online | 21/08/2007 | ONLINE PUBLICATION | 139930-2001 | 06/08/2019 | 1 | 06/08/2019 | Book |